Quick Pick: Harry Potter Titles in Italian Quiz Stats

 Plays Quiz not verified by Sporcle

Score 0/7 Timer 01:00
0 Plays Today
% Correct
Harry Potter e il Prigioniero di Azkaban
97.7%
Harry Potter e l'Ordine della Fenice
97.3%
Harry Potter e i Doni della Morte
97%
Harry Potter e la Camera dei Segreti
95%
Harry Potter e il Calice di Fuoco
93.5%
Harry Potter e la Pietra Filosofale
92.7%
Harry Potter e il Principe Mezzosangue
92.3%

You're not logged in!

Compare scores with friends on all Sporcle quizzes.
OR
Log In

Show Comments

Extras

Top Quizzes Today


Score Distribution

Your Account Isn't Verified!

In order to create a playlist on Sporcle, you need to verify the email address you used during registration. Go to your Sporcle Settings to finish the process.

Report this User

Report this user for behavior that violates our Community Guidelines.

Details: